00658nam a2200193 i 450000100060000000300090000600500170001500700030003200800410003510000150007624500920009126000470018330000220023065100450025265100530029765100560035071000360040685200220044278764ES-MaACL20250831013820.0t|041015s1979 xr ||||1| spa d1 aHall, Gus.13aLa crisis de una vida cotidiana y las victorias en la lucha por superarla / cGus Hall. aPraga : bAgencia de Prensa Orbis, c1979. a100 p. ; c19 cm. 4aEstados Unidos-xSituación económica 4aEstados Unidos-xSituación social-y1945-1989. 4aEstados Unidos-xPolítica y gobierno-y1969-1974.2 aAgencia de Prensa Orbis (Praga) aES-MaACLjA-10872